000 00493nam a2200181 a 4500
001 1774864617505
003 YourLibrary
005 20260330153038.0
008 260330s2010##################000#0#eng##
020 _a9780205610365
082 0 4 _a361.1
_bKEN
100 1 _aKendall, Diana Elizabeth,
_eauthor.
245 1 0 _aSocial Problems in a Diverse Society :
260 _bPrentice Hall,
_c2010.
650 0 _aSocial problems.
942 _cENGLISH
040 _aYourLibrary
_beng
_cYourLibrary
999 _c618351
_d618351